MARC details
| 010 ## - Numéro international normalisé du livre (ISBN) |
| ISBN |
9782807104501 |
| 099 ## - Visibilité opac |
| notice masquée en opac |
Non |
| 100 ## - Données générales de traitement |
| Données générales de traitement |
20260213d2025 k y0frey50 ba |
| 101 0# - Langue de la ressource |
| Langue du texte, de la bande son, etc. |
français |
| 102 ## - Pays de publication ou de production |
| Pays de publication |
Belgique |
| 200 1# - Titre et mention de responsabilité |
| Titre propre |
Cette peau là |
| Indication générale du type de document |
Livre |
| 214 #0 - Mentions de production, publication, diffusion et manufacture |
| Nom de l’éditeur |
Lansman éditeur |
| Date de publication |
2025 |
| 215 ## - Description physique |
| Nombre de pages |
1 volume (42 pages) |
| 225 2# - Collection |
| Titre de la collection |
Théâtre à vif |
| Numéro de collection |
548 |
| 323 ## - Nombre de personnages |
| Texte de la note |
6 personnages |
| 330 ## - Résumé ou extrait |
| Texte de la note |
Sur la table d'opération, tout revient à Zélie. L'été, le bruit des vagues, le goût de la mer. L'adolescence aussi, ces jours brûlants où elle a choisi son prénom et décidé de partir de chez ses parents pour entamer sa transition. <br/>Aujourd'hui, elle recolle les morceaux, d'elle hier et d'elle maintenant, d'elle réelle et d'elle potentielle, d'elle pour les autres et des autres en elle. Elle navigue parmi les fantômes et, pour ne pas être engloutie par les flots en furie, elle s'accroche à ce qu'elle a de plus clair, de plus certain, de plus palpable : son propre corps. |
| 610 ## - Mot-clé |
| Mot-clé |
Transidentité |
| -- |
lgbtqia |
| 700 #1 - Auteur principal |
| Nom |
Ferron |
| Prénom |
Pomme |
| Dates |
1995-.... |
| 105 ## - Zone de données codées : textes, monographies |
| Données codées sur les monographies textuelles |
y ||||100by |
| 181 ## - Zone de données codées : Forme de la ressource |
| Données de liaison entre champs |
z01 |
| Autre référentiel utilisé pour coder la forme du contenu |
texte |
| Code du référentiel |
rdacontent |
| 181 #1 - Zone de données codées : Forme de la ressource |
| Données de liaison entre champs |
z01 |
| Forme du contenu selon l’ISBD sous forme codée |
i# |
| Qualificatif(s) du contenu selon l’ISBD sous forme codée |
xxxe## |
| 182 ## - Zone de données codées : type de média |
| Données de liaison entre champs |
z01 |
| Autre référentiel utilisé pour coder le type de médiation |
sans média |
| Code du référentiel |
rdamedia |
| 182 #1 - Zone de données codées : type de média |
| Données de liaison entre champs |
z01 |
| Type de médiation selon l’ISBD sous forme codée |
sans média |
| 183 #1 - Zone de données codées : Type de carrière |
| Données de liaison entre champs |
z01 |
| Type de support sous forme codée |
nga |
| Code du référentiel |
RDAfrCarrier |
| 214 #0 - Mentions de production, publication, diffusion et manufacture |
| Lieu de publication, production, distribution/diffusion, fabrication |
Carnières-Morlanwelz (Belgique) |
| 215 ## - Description physique |
| Dimensions |
21 cm |
| 410 ## - Collection |
| Identifiant de la notice bibliographique liée |
013851098 |
| 410 ## - Collection |
| Titre de l'oeuvre |
Théâtre à Vif |
| ISSN |
0777-6756 |
| Numéro de volume |
548 |
| 608 ## - Vedette de Forme, Genre ou Caractéristiques physiques |
| Identifiant de la notice d'autorité |
027814157 |
| Élément d'entrée |
Théâtre (genre littéraire) français |
| Identifiant de la notice d'autorité |
050665391 |
| Subdivision chronologique |
XXIe siècle |
| Code du format utilisé |
rameau |
| 700 #1 - Auteur principal |
| Identifiant de la notice d'autorité |
292996608 |
| Code de fonction |
Auteur |
| 801 #3 - Origine de la notice |
| Pays |
FR |
| Agence de catalogage |
Abes |
| Date de la transaction |
20260213 |
| Règles de catalogage utilisées |
AFNOR |
| 000 -Etiquette de la notice |
| Leader |
01725nam0a2200409 4500 |
| 003 - Identifiant de la notice |
| Identifiant |
http://www.sudoc.fr/293705917 |
| 005 - Identifiant de la version |
| Identifiant |
20260410152826.0 |
| 035 ## - Identifiant de la notice dans un autre système |
| Identifiant de la notice dans un autre système |
(OCoLC)1573019883 |
| 073 #0 - EAN |
| Numéro normalisé |
9782807104501 |